00445pab a2200157 454500008004000000100001700040245007900057260000900136300001300145362001200158650002900170650001700199650003300216650001400249773002400263180718b2006 xxu||||| |||| 00| 0 eng d aMarsden, Lee aPromoting democracy in Northern Ireland: George Bush and the peace process c2006 ap.61-70. aJan-Mar aPeace - Northern Ireland aBush, George aDemocracy - Northern Ireland aDemocracy aPolitical Quarterly